Bogus NCAA "State" Colleges - Statistics

General Stats
  • This quiz has been taken 42 times
  • The average score is 14 of 27
Answer Stats
Sub-Division Location Answer % Correct
FBS Idaho Boise State
94%
FBS California San Diego State
88%
FBS California Fresno State
84%
FBS California San Jose State
81%
FBS Indiana Ball State
75%
FBS North Carolina Appalachian State
66%
FBS Ohio Kent State
66%
FCS Kansas Wichita State
66%
FCS Oregon Portland State
63%
FCS Mississippi Jackson State
59%
FCS Mississippi Alcorn State
56%
FCS Ohio Cleveland State
53%
FCS Illinois Chicago State
47%
FCS Alabama Jacksonville State
44%
FCS Georgia Kennesaw State
44%
FCS Kentucky Morehead State
44%
FCS Kentucky Murray State
44%
FCS California Sacramento State
44%
FCS Utah Weber State
44%
FCS Maryland Morgan State
41%
FCS Virginia Norfolk State
41%
FCS California Long Beach State
38%
FCS Louisiana Northwestern State
38%
FCS Ohio Youngstown State
38%
FCS Utah Dixie State
31%
FCS Ohio Wright State
31%
FCS Maryland Coppin State
28%
No matching quizzes found
Score Distribution
Percent of People with Each Score
Percentile by Number Answered
Your Score History
You have not taken this quiz